[Event "Sevastopol Waltz op"]
[Site "Sevastopol"]
[Date "2023.06.23"]
[Round "7"]
[White "Hasangatin, Ramil"]
[Black "Kobzar, Alexandr"]
[Result "1-0"]
[WhiteElo "2457"]
[BlackElo "2148"]
[PlyCount "117"]
[EventDate "2023.06.17"]
[EventType "swiss"]
[EventRounds "9"]
[EventCountry "UKR"]
[SourceTitle "CBM 214 Extra"]
[Source "ChessBase"]
[SourceDate "2023.07.31"]
[SourceVersion "1"]
[SourceVersionDate "2023.07.31"]
[SourceQuality "1"]

1. Nf3 c5 2. c4 Nc6 3. Nc3 g6 4. e3 Bg7 5. d4 cxd4 6. exd4 d6 7. d5 Nb8 8. h3 Nf6 9. Be2 0-0 10. 0-0 Na6 11. Re1 Nc5 12. Bf1 e5 13. dxe6 fxe6 14. Be3 b6 15. Nd2 Bb7 16. Bd4 e5 17. Be3 Ne6 18. Be2 Rc8 19. Bf3 Bxf3 20. Qxf3 Nd4 21. Bxd4 exd4 22. Nd5 Nxd5 23. Qxd5+ Kh8 24. Rad1 Rf5 25. Qb7 Rc7 26. Qe4 d5 27. cxd5 Re5 28. Qf3 Rxd5 29. Re6 Re5 30. Rxe5 Bxe5 31. Nb3 Qf6 32. Qd3 h5 33. Nd2 h4 34. Nf3 Rd7 35. Qe4 Re7 36. Qxh4+ Qxh4 37. Nxh4 Kg7 38. Nf3 Bf6 39. Ne1 Re2 40. Nd3 Kf7 41. Kf1 Re6 42. Re1 Rd6 43. Re4 b5 44. Ke2 Rc6 45. Kd1 Rc7 46. Re2 a5 47. Kd2 Bg5+ 48. Kd1 Bf6 49. g3 a4 50. a3 Be7 51. Rc2 Rb7 52. h4 g5 53. hxg5 Bxg5 54. Rc6 Bf6 55. Ke2 Rb8 56. Kf3 Rb7 57. Nc5 Re7 58. Rb6 Re1 59. Nd3 1-0

[Event "Kerch Panticapaeum Rapid op"]
[Site "Kerch"]
[Date "2021.09.22"]
[Round "6"]
[White "Temirbekov, Taimaz"]
[Black "Kobzar, Alexandr"]
[Result "1-0"]
[WhiteElo "1573"]
[BlackElo "2148"]
[PlyCount "89"]
[EventDate "2021.09.21"]
[EventType "swiss (rapid)"]
[EventRounds "9"]
[EventCountry "RUS"]
[SourceTitle "CBM 204 Extra"]
[Source "ChessBase"]
[SourceDate "2021.11.30"]
[SourceVersion "1"]
[SourceVersionDate "2021.11.30"]
[SourceQuality "1"]

1. e4 c5 2. Nf3 Nc6 3. Bb5 Nd4 4. Nxd4 cxd4 5. 0-0 g6 6. d3 Bg7 7. f4 Nf6 8. Nd2 0-0 9. Nf3 d6 10. h3 a6 11. Ba4 Nd7 12. Qe2 b5 13. Bb3 Nc5 14. Qf2 Nxb3 15. cxb3 e5 16. Qg3 f5 17. fxe5 fxe4 18. dxe4 dxe5 19. Bg5 Qd6 20. Qh4 Bf6 21. Bxf6 Rxf6 22. Nxe5 Rxf1+ 23. Rxf1 Be6 24. Qf6 Rf8 25. Qxf8+ Qxf8 26. Rxf8+ Kxf8 27. Kf2 Ke7 28. Nc6+ Kd6 29. Nxd4 Bd7 30. Ke3 Ke5 31. b4 Be8 32. Nf3+ Kd6 33. Kd4 Bc6 34. Ng5 h5 35. h4 Bd7 36. e5+ Ke7 37. Kc5 Bf5 38. Kb6 Bc8 39. a3 Kd7 40. g3 Ke7 41. Kc7 Bf5 42. Kb7 Bc2 43. Kxa6 Bd3 44. Kb6 Kd7 45. Nh3 1-0

[Event "Kerch Panticapaeum Cup"]
[Site "Kerch"]
[Date "2021.09.19"]
[Round "8"]
[White "Truskavetsky, Alexandr"]
[Black "Kobzar, Alexandr"]
[Result "1-0"]
[WhiteElo "2371"]
[BlackElo "2148"]
[PlyCount "81"]
[EventDate "2021.09.12"]
[EventType "swiss"]
[EventRounds "9"]
[EventCountry "RUS"]
[SourceTitle "CBM 204 Extra"]
[Source "ChessBase"]
[SourceDate "2021.11.30"]
[SourceVersion "1"]
[SourceVersionDate "2021.11.30"]
[SourceQuality "1"]

1. d4 c5 2. d5 Nf6 3. Nc3 g6 4. e4 d6 5. Bb5+ Bd7 6. a4 Bg7 7. Nf3 a6 8. Be2 Bg4 9. Nd2 Bxe2 10. Qxe2 0-0 11. 0-0 Nbd7 12. Nc4 Ne8 13. a5 b5 14. axb6 Nxb6 15. Na5 Qd7 16. Bg5 h6 17. Bf4 Nc7 18. Rfd1 g5 19. Bg3 f5 20. f3 Bd4+ 21. Kh1 e5 22. dxe6 Nxe6 23. exf5 Ng7 24. Ne4 Nxf5 25. c3 Nxg3+ 26. hxg3 Be5 27. Nc4 Nxc4 28. Qxc4+ Kh8 29. Qxc5 Qb5 30. Qxb5 axb5 31. Rxa8 Rxa8 32. Nxd6 Bxg3 33. Nxb5 Rb8 34. c4 Re8 35. Nc3 Rb8 36. Ne4 Be5 37. Rd5 Bf4 38. g3 Bc1 39. Rb5 Rd8 40. c5 Rd4 41. c6 1-0

[Event "Sevastopol Waltz Rapid"]
[Site "Sevastopol"]
[Date "2021.08.27"]
[Round "9"]
[White "Kryakvin, Dmitry"]
[Black "Kobzar, Alexandr"]
[Result "1-0"]
[WhiteElo "2570"]
[BlackElo "2148"]
[PlyCount "61"]
[EventDate "2021.08.26"]
[EventType "swiss (rapid)"]
[EventRounds "9"]
[EventCountry "UKR"]
[SourceTitle "CBM 204 Extra"]
[Source "ChessBase"]
[SourceDate "2021.11.30"]
[SourceVersion "1"]
[SourceVersionDate "2021.11.30"]
[SourceQuality "1"]

1. d4 Nf6 2. Nf3 g6 3. g3 Bg7 4. Bg2 0-0 5. 0-0 d6 6. c4 Nc6 7. Nc3 Bf5 8. Ne1 Qc8 9. e4 Bh3 10. d5 Ne5 11. b3 Bxg2 12. Kxg2 c5 13. Bd2 a6 14. Qe2 Ned7 15. Rc1 e6 16. Bf4 Ne8 17. Nd3 Bd4 18. e5 dxe5 19. Nxe5 Nxe5 20. Bxe5 f6 21. Bf4 e5 22. Bh6 Rf7 23. Ne4 Qd7 24. f4 f5 25. fxe5 Bxe5 26. Nxc5 Qd6 27. Nd3 Bh8 28. Bf4 Qd8 29. Rce1 Nf6 30. Bg5 Qd7 31. Ne5 1-0

[Event "Sevastopol Waltz Rapid"]
[Site "Sevastopol"]
[Date "2021.08.26"]
[Round "4"]
[White "Kobzar, Alexandr"]
[Black "Ivanov, Ivan1111"]
[Result "1/2-1/2"]
[WhiteElo "2148"]
[BlackElo "2008"]
[PlyCount "60"]
[EventDate "2021.08.26"]
[EventType "swiss (rapid)"]
[EventRounds "9"]
[EventCountry "UKR"]
[SourceTitle "CBM 204 Extra"]
[Source "ChessBase"]
[SourceDate "2021.11.30"]
[SourceVersion "1"]
[SourceVersionDate "2021.11.30"]
[SourceQuality "1"]

1. e4 d6 2. d4 Nf6 3. Nc3 g6 4. f4 Bg7 5. Nf3 c5 6. Be3 cxd4 7. Nxd4 Nc6 8. Be2 Bd7 9. 0-0 Ng4 10. Bxg4 Bxg4 11. Qd2 Nxd4 12. Bxd4 e5 13. Be3 exf4 14. Bxf4 0-0 15. Nd5 Bxb2 16. c3 Bxa1 17. Bg5 f6 18. Nxf6+ Kh8 19. Nxg4 Qb6+ 20. Be3 Rxf1+ 21. Kxf1 Rf8+ 22. Ke2 Qb5+ 23. Qd3 Qxd3+ 24. Kxd3 Kg8 25. Kc2 Rf1 26. Bxa7 Kf7 27. Ne3 Rh1 28. h3 Ke6 29. Bd4 Re1 30. Kd2 Rh1 1/2-1/2

[Event "Izhevsk Corporation Cup 6th"]
[Site "Izhevsk"]
[Date "2014.07.19"]
[Round "7"]
[White "Vaseptsov, Maxim"]
[Black "Kobzar, Alexandr"]
[Result "1-0"]
[WhiteElo "2215"]
[BlackElo "2134"]
[PlyCount "79"]
[EventDate "2014.07.12"]
[EventType "swiss"]
[EventRounds "9"]
[EventCountry "RUS"]
[SourceTitle "CBM 161 Extra"]
[Source "ChessBase"]
[SourceDate "2014.08.29"]
[SourceVersion "1"]
[SourceVersionDate "2014.08.29"]
[SourceQuality "1"]

1. e4 c5 2. Nf3 d6 3. Nc3 Nf6 4. d4 cxd4 5. Nxd4 g6 6. Be3 Bg7 7. f3 0-0 8. Qd2 Nc6 9. g4 Be6 10. Nxe6 fxe6 11. 0-0-0 Ne8 12. Be2 Qa5 13. Kb1 a6 14. f4 b5 15. e5 b4 16. Ne4 Nc7 17. h4 Rad8 18. Qc1 Nd5 19. h5 dxe5 20. f5 exf5 21. gxf5 Rxf5 22. hxg6 hxg6 23. Bc4 e6 24. Bh6 Qc7 25. Nc5 Nd4 26. Bxg7 Qxc5 27. Rh8+ Kf7 28. Rxd8 Qxc4 29. Bh6 Nb5 30. Bd2 Nf4 31. Be3 Nd5 32. Bd2 Nd4 33. Rh1 Rh5 34. Rf1+ Nf6 35. Bg5 Rxg5 36. Qxg5 Qxc2+ 37. Ka1 Qe4 38. Rf8+ Ke7 39. Qxf6+ Kd7 40. Qd8+ 1-0

[Event "Izhevsk Corporation Cup 6th"]
[Site "Izhevsk"]
[Date "2014.07.15"]
[Round "4"]
[White "Kobzar, Alexandr"]
[Black "Khusnutdinov, Rustam"]
[Result "1/2-1/2"]
[WhiteElo "2134"]
[BlackElo "2495"]
[PlyCount "113"]
[EventDate "2014.07.12"]
[EventType "swiss"]
[EventRounds "9"]
[EventCountry "RUS"]
[SourceTitle "CBM 161 Extra"]
[Source "ChessBase"]
[SourceDate "2014.08.29"]
[SourceVersion "1"]
[SourceVersionDate "2014.08.29"]
[SourceQuality "1"]

1. e4 c5 2. Nf3 e6 3. d4 cxd4 4. Nxd4 Nc6 5. Be3 Nf6 6. Bd3 d5 7. exd5 Nxd5 8. Nxc6 bxc6 9. Bd2 Rb8 10. 0-0 Be7 11. c4 Nb4 12. Be4 0-0 13. a3 Nd3 14. Bc3 Nxb2 15. Qe2 Qb6 16. Nd2 Na4 17. Be5 Rb7 18. Bc2 Nc5 19. Qh5 f5 20. Nf3 Nd7 21. Bc3 Nf6 22. Qh3 Ng4 23. Ne5 Nxe5 24. Bxe5 Bf6 25. Rab1 Qd8 26. Rxb7 Bxb7 27. Bxf6 Qxf6 28. Qb3 Bc8 29. Rd1 Qe5 30. h3 a5 31. Qd3 Qc5 32. Ba4 Ba6 33. Qd6 Qxc4 34. Bxc6 Bc8 35. a4 Qb3 36. Rd3 Qb2 37. Bb5 h6 38. Qc7 Kh7 39. Rg3 f4 40. Rf3 e5 41. Qe7 Rf6 42. g4 Qb1+ 43. Kh2 e4 44. Rc3 Qe1 45. Rc2 Ba6 46. Re2 Qb1 47. Bxa6 Rxa6 48. Qxe4+ Qxe4 49. Rxe4 g5 50. Re5 Kg6 51. h4 gxh4 52. Rf5 Rb6 53. Rxf4 Rb4 54. Rf5 Rxa4 55. Kh3 h5 56. Rxh5 Rf4 57. Rxa5 1/2-1/2

[Event "Voronezh op-B 18th"]
[Site "Voronezh"]
[Date "2014.06.20"]
[Round "9"]
[White "Kobzar, Alexandr"]
[Black "Shabunin, Danil"]
[Result "1-0"]
[WhiteElo "2171"]
[BlackElo "1763"]
[PlyCount "51"]
[EventDate "2014.06.12"]
[EventType "swiss"]
[EventRounds "9"]
[EventCountry "RUS"]
[SourceTitle "EXT 2015"]
[Source "ChessBase"]
[SourceDate "2014.11.20"]
[SourceVersion "1"]
[SourceVersionDate "2014.11.20"]
[SourceQuality "1"]

1. e4 e5 2. Nf3 Nc6 3. Bc4 Nf6 4. d3 Bc5 5. c3 0-0 6. Nbd2 Bb6 7. Bb3 d5 8. 0-0 Bg4 9. h3 Bh5 10. Qe2 Re8 11. Rd1 Qd7 12. Nf1 Rad8 13. Bg5 dxe4 14. dxe4 Qe7 15. Ng3 Bg6 16. Re1 h6 17. Nh4 Bxe4 18. Nhf5 Bxf5 19. Nxf5 Qf8 20. Nxh6+ gxh6 21. Bxf6 Ne7 22. Qg4+ Kh7 23. Bc2+ Ng6 24. Bxd8 Rxd8 25. Red1 Kg7 26. Bxg6 1-0

[Event "Voronezh op-B 18th"]
[Site "Voronezh"]
[Date "2014.06.16"]
[Round "5"]
[White "Sobina, Pavel"]
[Black "Kobzar, Alexandr"]
[Result "1-0"]
[WhiteElo "1977"]
[BlackElo "2171"]
[PlyCount "59"]
[EventDate "2014.06.12"]
[EventType "swiss"]
[EventRounds "9"]
[EventCountry "RUS"]
[SourceTitle "EXT 2015"]
[Source "ChessBase"]
[SourceDate "2014.11.20"]
[SourceVersion "1"]
[SourceVersionDate "2014.11.20"]
[SourceQuality "1"]

1. c4 e5 2. Nc3 Nc6 3. e3 f5 4. d4 e4 5. Nge2 Nf6 6. Rb1 Ne7 7. d5 d6 8. Nd4 g5 9. h4 gxh4 10. Be2 Ng6 11. Bh5 Bg7 12. Rxh4 Ng4 13. Rh1 N4e5 14. Nce2 Nd3+ 15. Kf1 Qf6 16. Bd2 Kd8 17. Bc3 Nge5 18. Nf4 Qe7 19. Nfe6+ Bxe6 20. Nxe6+ Kc8 21. b4 Rg8 22. Be2 Ng4 23. Bxg4 Bxc3 24. Bxf5 Kb8 25. Rxh7 Qf6 26. Qh5 a5 27. b5 Ka7 28. Rxc7 Rac8 29. b6+ Kb8 30. Qh7 1-0

[Event "Chigorin Memorial 19th"]
[Site "St Petersburg"]
[Date "2011.10.17"]
[Round "4"]
[White "Zheleznaykov, Peter"]
[Black "Kobzar, Alexandr"]
[Result "0-1"]
[WhiteElo "1955"]
[BlackElo "2197"]
[PlyCount "66"]
[EventDate "2011.10.14"]
[EventType "swiss"]
[EventRounds "9"]
[EventCountry "RUS"]
[SourceTitle "CBM 144 Extra"]
[Source "ChessBase"]
[SourceDate "2011.10.28"]
[SourceVersion "1"]
[SourceVersionDate "2011.10.28"]
[SourceQuality "1"]

1. d4 Nf6 2. c4 g6 3. Nc3 Bg7 4. e4 d6 5. f3 0-0 6. Be3 a6 7. Bd3 Nc6 8. Nge2 Nd7 9. 0-0 e5 10. d5 Ne7 11. b4 f5 12. Qb3 f4 13. Bf2 g5 14. c5 Kh8 15. Rac1 Rf6 16. c6 bxc6 17. dxc6 Nf8 18. a4 g4 19. b5 gxf3 20. gxf3 axb5 21. axb5 Bh3 22. Kh1 Qe8 23. Nd5 Qh5 24. Bc4 Nxd5 25. Bxd5 Bxf1 26. Rxf1 Qh3 27. Rg1 Rh6 28. Rg2 Rg6 29. Rxg6 Nxg6 30. Ng1 Qf1 31. Qc2 Qxb5 32. Nh3 Ra1+ 33. Kg2 Qf1# 0-1

[Event "St Petersburg Botvinnik 100 op"]
[Site "St Petersburg"]
[Date "2011.08.20"]
[Round "9"]
[White "Alekseenko, Kirill"]
[Black "Kobzar, Alexandr"]
[Result "1-0"]
[WhiteElo "2339"]
[BlackElo "2184"]
[PlyCount "75"]
[EventDate "2011.08.12"]
[EventType "swiss"]
[EventRounds "9"]
[EventCountry "RUS"]
[SourceTitle "CBM 143 Extra"]
[Source "ChessBase"]
[SourceDate "2011.08.29"]
[SourceVersion "1"]
[SourceVersionDate "2011.08.29"]
[SourceQuality "1"]

1. e4 c5 2. Nf3 d6 3. d4 cxd4 4. Nxd4 Nf6 5. Nc3 g6 6. Be3 Bg7 7. f3 Nc6 8. Qd2 Bd7 9. 0-0-0 a6 10. g4 b5 11. Kb1 Ne5 12. h4 h5 13. g5 Nh7 14. f4 Ng4 15. Bg1 Nf8 16. Nd5 Rb8 17. Qc3 Rc8 18. Qa3 Ne6 19. Nxe6 Bxe6 20. Bb6 Qd7 21. Qxa6 Bxd5 22. Rxd5 0-0 23. Qxb5 Rc6 24. Bd4 e5 25. fxe5 Nxe5 26. Qb3 Qg4 27. Bd3 Nf3 28. Be3 Qg2 29. Rd1 Rfc8 30. Rb5 Qg4 31. Rf1 R8c7 32. Rb7 Ne5 33. Rxc7 Rxc7 34. a4 Nxd3 35. Qxd3 Qg2 36. Rd1 Qh2 37. Bb6 Qe5 38. Bd4 1-0

[Event "Chigorin Memorial 18th"]
[Site "St Petersburg"]
[Date "2010.10.29"]
[Round "2"]
[White "Fokin, Anatoly"]
[Black "Kobzar, Alexandr"]
[Result "0-1"]
[WhiteElo "1884"]
[BlackElo "2184"]
[PlyCount "74"]
[EventDate "2010.10.28"]
[EventType "swiss"]
[EventRounds "9"]
[EventCountry "RUS"]
[SourceTitle "EXT 2011"]
[Source "ChessBase"]
[SourceDate "2010.11.26"]
[SourceVersion "1"]
[SourceVersionDate "2010.11.26"]
[SourceQuality "1"]

1. d4 Nf6 2. Nf3 g6 3. c4 Bg7 4. Nc3 0-0 5. e3 c5 6. Bd3 cxd4 7. exd4 d5 8. h3 Nc6 9. 0-0 Nb4 10. Re1 Nxd3 11. Qxd3 dxc4 12. Qxc4 Be6 13. Rxe6 fxe6 14. Ng5 Qc8 15. Qb3 Kh8 16. Nxe6 Rg8 17. Ng5 h6 18. Nf7+ Kh7 19. Ne5 Nd7 20. Nf3 Nb6 21. Be3 Rf8 22. Rc1 Qd8 23. Ne4 Qd5 24. Qd3 Rac8 25. Nc3 Qf5 26. Ne4 Rxc1+ 27. Bxc1 Nd5 28. Nh4 Qh5 29. g3 Bf6 30. Nxf6+ Rxf6 31. f3 Kg7 32. Bd2 e6 33. f4 g5 34. fxg5 Qd1+ 35. Kg2 Ne3+ 36. Qxe3 Qf1+ 37. Kh2 Rf2+ 0-1

[Event "St Petersburg Ligovo"]
[Site "St Petersburg"]
[Date "2010.03.11"]
[Round "7"]
[White "Bulanov, Dmitri"]
[Black "Kobzar, Alexandr"]
[Result "1/2-1/2"]
[WhiteElo "2393"]
[BlackElo "2181"]
[PlyCount "109"]
[EventDate "2010.03.04"]
[EventType "tourn"]
[EventRounds "9"]
[EventCountry "RUS"]
[EventCategory "5"]
[SourceTitle "CBM 135 Extra"]
[Source "ChessBase"]
[SourceDate "2010.05.04"]
[SourceVersion "1"]
[SourceVersionDate "2010.05.04"]
[SourceQuality "1"]

1. e4 c5 2. Nf3 d6 3. d4 cxd4 4. Nxd4 Nf6 5. Nc3 g6 6. Be3 Bg7 7. f3 0-0 8. Qd2 Nc6 9. Bc4 Bd7 10. 0-0-0 Rc8 11. Bb3 Ne5 12. h4 h5 13. Bg5 Rc5 14. Kb1 Re8 15. g4 hxg4 16. f4 Nc4 17. Qe2 Qc8 18. f5 gxf5 19. exf5 e6 20. fxe6 Bxe6 21. Nxe6 Rxe6 22. Qf2 Nxb2 23. Bxe6 Nxd1 24. Bxf7+ Kxf7 25. Nxd1 g3 26. Qxg3 Qf5 27. Qb3+ Kf8 28. Ne3 Qe5 29. a4 Rc6 30. Ka2 Rc3 31. Qxb7 Rxe3 32. Bxe3 Qxe3 33. Qb8+ Ke7 34. Rf1 Nd7 35. Qg8 Bf6 36. Qh7+ Kd8 37. Qg8+ Ke7 38. Rg1 Qe4 39. Ka3 Qxc2 40. Re1+ Ne5 41. Qg3 Kf8 42. h5 Nc4+ 43. Kb4 a5+ 44. Kb5 Qf5+ 45. Kxc4 Qc5+ 46. Kb3 Qb4+ 47. Kc2 Qxa4+ 48. Qb3 Qd4 49. Qb8+ Kg7 50. h6+ Kxh6 51. Qf8+ Kg6 52. Qe8+ Kg7 53. Qd7+ Kg6 54. Qe8+ Kg7 55. Qd7+ 1/2-1/2